El evangelio de Jesucristo

Zapisane w:
Opis bibliograficzny
1. autor: Kasper, Walter (autor)
Format: Książka
Język:hiszpański
Wydane: Santander Sal Terrae 2013
Wydanie:1a. ed
Seria:Presencia Teológica, 195
Hasła przedmiotowe:
Etykiety: Dodaj etykietę
Nie ma etykietki, Dołącz pierwszą etykiete!

MARC

LEADER 00000cam a2200000 a 4500
001 UCE7349
003 CL-VaPUC
008 150605e20130000sp |||||||||||||||||spa|d
020 |a 9788429320459 
082 0 4 |a 226.5  |b KAS  |2 21 
100 |a Kasper, Walter  |e autor  |9 597382 
245 1 3 |a El evangelio de Jesucristo 
246 1 0 |a Obra completa de Walter Kasper 
250 |a 1a. ed 
300 |a v 
942 |c BK 
945 |d 20150605 14:50:00  |a gsalatino 
260 |a Santander  |b Sal Terrae  |c 2013 
650 0 |a Jesucristo  |9 503749 
650 0 |a Evangelios  |9 314864 
650 0 |a Teología   |9 258766 
583 |a last modification  |c 20160913 11:56:20  |k Rodrigo Vera 
490 0 |a Presencia Teológica, 195 
999 |c 359449  |d 359447 
952 |0 0  |1 0  |3 erb  |4 0  |6 226_500000000000000_KAS_2013  |7 0  |8 A  |9 468641  |a BIBTEO  |b BIBTEO  |e Casale Rolle, Carlos Ignacio, -2014  |h v.5  |i 5182271  |l 2  |m 1  |o 226.5 KAS 2013  |p 5182271  |r 2025-01-17  |s 2024-05-16  |w 2019-11-23  |y BK  |z Catalogado en:20150605  |k ICR 
952 |0 0  |1 0  |3 erb  |4 0  |6 226_500000000000000_KAS_2013  |7 0  |8 A  |9 468642  |a BIBTEO  |b BIBTEO  |h v.5  |i 5341086  |o 226.5 KAS 2013  |p 5341086  |r 2025-01-17  |w 2019-11-23  |y BK  |z Catalogado en:20160908  |k ICR